A boost for diversity (Record no. 73541)

MARC details
000 -LEADER
fixed length control field 01195cam a2200205 4500
001 - CONTROL NUMBER
control field X123824
008 - FIXED-LENGTH DATA ELEMENTS--GENERAL INFORMATION
fixed length control field 031002n2003 000 0 eng u
035 ## - SYSTEM CONTROL NUMBER
System control number (Sirsi) u123824
100 ## - MAIN ENTRY--PERSONAL NAME
Personal name Smulian, M.
245 #2 - TITLE STATEMENT
Title A boost for diversity
260 ## - PUBLICATION, DISTRIBUTION, ETC.
Date of publication, distribution, etc. 2003
490 ## - SERIES STATEMENT
Series statement Law Society's Gazette
Volume/sequential designation 100(34) 11 September 2003, 22-23(2)
520 ## - SUMMARY, ETC.
Summary, etc. Examines the decision of the Law Society to give official recognition to the Black Solicitors Network meaning the organisation can gain funding and administrative support from Chancery Lane. Points out that statistics now show that 7% of practicing solicitors are from ethnic minorities, up from 6.6% the previous year. The organisation has a strict definition of 'black' as of Afro-Carribean or African background and it also excludes barristers as an essential condition of being part of the Society. Explains that there are other bodies set up to promote the interests of ethnic minorities in the profession and these have friendly relations with each other and co-operate on matters of common interest.
590 ## - LOCAL NOTE (RLIN)
Local note ABS
650 ## - SUBJECT ADDED ENTRY--TOPICAL TERM
Topical term or geographic name entry element ETHNIC MINORITIES
650 ## - SUBJECT ADDED ENTRY--TOPICAL TERM
Topical term or geographic name entry element SOLICITORS
650 ## - SUBJECT ADDED ENTRY--TOPICAL TERM
Topical term or geographic name entry element LAW SOCIETY
690 ## - LOCAL SUBJECT ADDED ENTRY--TOPICAL TERM (OCLC, RLIN)
Topical term or geographic name as entry element LAW-UK
942 ## - ADDED ENTRY ELEMENTS (KOHA)
Suppress in OPAC 0

No items available.